[Event "2022 Zone 4.1Individual Championships "]
[Site "Hotel Rosa Beach Monastir"]
[Date "2022.03.15"]
[Round "4"]
[Board "3"]
[White "Araoun, Saadi"]
[Black "Ben Brahem, Aymen"]
[Result "0-1"]
[WhiteElo "2058"]
[BlackElo "2172"]
[PlyCount "112"]
[EventDate "2022.03.13"]
[EventRounds "9"]
[EventCountry "TUN"]

1. d4 d5 2. Nf3 Nf6 3. c4 e6 4. Nc3 Be7 5. cxd5 exd5 6. Bg5 c6 7. Qc2 O-O 8. e3
h6 9. Bh4 Ne4 10. Bxe7 Qxe7 11. Bd3 Re8 12. O-O Nd7 13. Rab1 a5 14. a3 Ndf6 15.
Ne5 Bf5 16. Rbe1 Bh7 17. f3 Nxc3 18. Bxh7+ Nxh7 19. Qxc3 c5 20. Ng4 h5 21. Nf2
c4 22. e4 Qd7 23. e5 b5 24. f4 b4 25. axb4 axb4 26. Qxb4 Reb8 27. Qd2 Ra2 28.
Nd1 Rb3 29. Re3 Rb6 30. Rh3 Qf5 31. Rc3 Nf8 32. Rc2 Ne6 33. Nc3 Nxd4 34. Nxd5
Qxc2 35. Qxc2 Nxc2 36. Nxb6 Ne3 37. Rb1 c3 38. bxc3 Rxg2+ 39. Kh1 Rc2 40. c4
Ng4 41. h3 Nh2 42. Rb3 Nf1 43. Rd3 h4 44. Kg1 Ng3 45. Rf3 Ne4 46. Re3 Ng3 47.
Rf3 Nf5 48. Rf2 Rc3 49. Kh2 Nd4 50. Kg2 Rg3+ 51. Kf1 Rxh3 52. Rd2 Rf3+ 53. Kg2
Rxf4 54. Nd5 Rg4+ 55. Kh3 Rg3+ 56. Kxh4 Nf5+  0-1

[Event "2022 Zone 4.1Individual Championships "]
[Site "Hotel Rosa Beach Monastir"]
[Date "2022.03.15"]
[Round "4"]
[Board "4"]
[White "Gator, Mosab"]
[Black "Sentissi, Yassine"]
[Result "1-0"]
[WhiteElo "2133"]
[BlackElo "1844"]
[PlyCount "101"]
[EventDate "2022.03.13"]
[EventRounds "9"]
[EventCountry "TUN"]

1. e4 c5 2. Nf3 d6 3. c3 Nf6 4. h3 g6 5. Bd3 Bg7 6. O-O O-O 7. Bc2 e5 8. d4
exd4 9. cxd4 Nc6 10. Re1 Re8 11. d5 Nb4 12. Nc3 Nxc2 13. Qxc2 a6 14. a4 Rb8 15.
a5 b5 16. axb6 Qxb6 17. Nd2 Qc7 18. Nc4 Rb4 19. Qd3 Nd7 20. f4 Nb6 21. Na5 Rd4
22. Qf1 c4 23. Be3 Rd3 24. Qf2 Nd7 25. Nc6 Qb7 26. Ra4 Bxc3 27. bxc3 Qb3 28.
Raa1 Nf6 29. Bd4 Nxe4 30. Qh4 Rxd4 31. cxd4 Kg7 32. Ne7 Qc2 33. Nxc8 Rxc8 34.
Rf1 Rb8 35. f5 Rb2 36. f6+ Kh8 37. Qg4 h5 38. Qf3 Kh7 39. Rfc1 Nd2 40. Qc3 Qb3
41. Ra3 Qb6 42. Rxa6 Qb5 43. Ra7 g5 44. Rxf7+ Kg6 45. Rf8 Ne4 46. Qf3 Qxd5 47.
Rd1 Rf2 48. Rg8+ Kh6 49. Rh8+ Kg6 50. Qxh5+ Kxf6 51. Rf8+  1-0

[Event "2022 Zone 4.1Individual Championships "]
[Site "Hotel Rosa Beach Monastir"]
[Date "2022.03.15"]
[Round "4"]
[Board "5"]
[White "Seddaoui, Yamine"]
[Black "Cheikhna, Mohamed Lemine"]
[Result "0-1"]
[WhiteElo "2114"]
[BlackElo "1957"]
[PlyCount "82"]
[EventDate "2022.03.13"]
[EventRounds "9"]
[EventCountry "TUN"]

1. e4 c5 2. Nc3 Nc6 3. Bb5 Nf6 4. Nf3 g6 5. e5 Ng4 6. Bxc6 dxc6 7. d3 Bg7 8.
Qe2 Nh6 9. Ne4 b6 10. Nf6+ exf6 11. exf6+ Kf8 12. fxg7+ Kxg7 13. O-O Nf5 14.
Qe4 Bb7 15. Bd2 Re8 16. Bc3+ f6 17. Qg4 Qd6 18. Nh4 Bc8 19. Nxf5+ Bxf5 20. Qf3
b5 21. b3 Qd5 22. Qf4 Qf7 23. Rfe1 Bd7 24. Qd6 Re6 25. Rxe6 Qxe6 26. Qxc5 Re8
27. Qxa7 Qg4 28. h3 Qf5 29. Kf1 Kg8 30. Qd4 Kf7 31. a4 c5 32. Qd6 b4 33. Bxf6
Qxf6 34. Qxd7+ Re7 35. Qd5+ Kg7 36. Rd1 Qc3 37. Qc4 Qe5 38. d4 Qh2 39. f3 Qh1+
40. Kf2 Qxd1 41. Kg3 Qxd4  0-1

[Event "2022 Zone 4.1Individual Championships "]
[Site "Hotel Rosa Beach Monastir"]
[Date "2022.03.15"]
[Round "4"]
[Board "6"]
[White "Ben Ammar, Mohamed"]
[Black "Achour, Oussama"]
[Result "1-0"]
[WhiteElo "2173"]
[BlackElo "1474"]
[PlyCount "69"]
[EventDate "2022.03.13"]
[EventRounds "9"]
[EventCountry "TUN"]

1. d4 Nf6 2. c4 g6 3. Nc3 Bg7 4. Nf3 O-O 5. Bg5 c5 6. d5 d6 7. Nd2 e6 8. e4
exd5 9. cxd5 a6 10. a4 Nbd7 11. Be2 Re8 12. O-O h6 13. Bh4 g5 14. Bg3 Nf8 15.
Qc2 Ng6 16. Nc4 Nf4 17. Rfe1 Qe7 18. Bf1 Ng4 19. Qd2 Qf6 20. e5 Nxe5 21. Ne4
Qe7 22. Bxf4 Nxc4 23. Nf6+ Qxf6 24. Rxe8+ Bf8 25. Bxc4 gxf4 26. Rae1 h5 27. Qc3
Qh6 28. Rd8 b5 29. axb5 axb5 30. Bxb5 Bb7 31. Rxa8 Bxa8 32. Bc6 Bxc6 33. dxc6
d5 34. c7 Qc6 35. Qe5  1-0

[Event "2022 Zone 4.1Individual Championships "]
[Site "Hotel Rosa Beach Monastir"]
[Date "2022.03.16"]
[Round "5"]
[Board "1"]
[White "Ben Brahem, Aymen"]
[Black "Msellek, Ilyass"]
[Result "1/2-1/2"]
[WhiteElo "2172"]
[BlackElo "2411"]
[PlyCount "153"]
[EventDate "2022.03.13"]
[EventRounds "9"]
[EventCountry "TUN"]

1. d4 d5 2. Bf4 c5 3. e3 Nc6 4. c3 Qb6 5. Qb3 c4 6. Qc2 e5 7. Bxe5 Bf5 8. Qc1
Nxe5 9. dxe5 f6 10. e6 Bxe6 11. Nf3 Bc5 12. Nbd2 f5 13. Nd4 Nf6 14. N2f3 O-O
15. Be2 Ne4 16. O-O Rac8 17. Rb1 Bd7 18. Rd1 Qh6 19. g3 Rce8 20. b3 cxb3 21.
axb3 g5 22. h4 gxh4 23. Nxh4 Bd6 24. Ng2 Re7 25. Bf3 Rc8 26. Ne2 Bb5 27. c4
dxc4 28. Bxe4 fxe4 29. Qd2 c3 30. Qd5+ Qe6 31. Nxc3 Bd3 32. Rbc1 Ba3 33. Nf4
Qf7 34. Qg5+ Qg7 35. Qd5+ Kh8 36. Ne6 Rxe6 37. Qxe6 Rf8 38. Nxe4 Bxe4 39. Qxe4
Bxc1 40. Rxc1 Rd8 41. Qf5 b6 42. e4 a5 43. Kg2 Qe7 44. Rc6 Re8 45. Rxb6 Qxe4+
46. Qxe4 Rxe4 47. Rb5 a4 48. bxa4 Rxa4 49. Rb7 Ra3 50. f4 Kg8 51. Kh3 Rc3 52.
Kh4 Rf3 53. Kg4 Ra3 54. Kh4 Rf3 55. Ra7 Kh8 56. Kg4 Rb3 57. f5 Kg8 58. Kf4 Rb4+
59. Kg5 Rb6 60. g4 Rc6 61. Kh5 Rb6 62. Kg5 Rc6 63. Re7 Ra6 64. Rd7 Rb6 65. f6
Rb1 66. Rg7+ Kh8 67. Re7 Kg8 68. Rd7 Ra1 69. Rg7+ Kh8 70. Re7 Kg8 71. Kf5 Rf1+
72. Ke6 Re1+ 73. Kd7 Ra1 74. Rg7+ Kh8 75. Re7 Kg8 76. Ke6 Re1+ 77. Kd7  1/2-1/2

[Event "2022 Zone 4.1Individual Championships "]
[Site "Hotel Rosa Beach Monastir"]
[Date "2022.03.16"]
[Round "5"]
[Board "2"]
[White "Gator, Mosab"]
[Black "Ben Ghanem, Hamed"]
[Result "1/2-1/2"]
[WhiteElo "2133"]
[BlackElo "2112"]
[PlyCount "125"]
[EventDate "2022.03.13"]
[EventRounds "9"]
[EventCountry "TUN"]

{[%evp 0,125,34,28,69,69,69,25,84,29,41,37,90,43,27,17,77,-1,13,23,60,0,12,-1,
13,18,43,21,42,33,61,-28,33,53,98,57,79,91,85,93,85,88,78,84,91,91,83,101,101,
106,106,70,57,84,70,51,99,99,96,78,74,71,84,77,75,68,71,114,104,106,144,145,
137,166,147,149,227,232,235,234,234,136,140,180,158,150,222,216,141,141,104,0,
75,0,0,-198,-170,-169,-147,-130,-130,-152,-130,-130,-130,-130,-130,-130,-152,
-160,-118,-118,-109,-88,-80,-80,-42,-30,-36,-36,-33,-26,-24,-24,0,0,0,-27]} 1.
e4 c6 2. Nc3 d5 3. Nf3 Bg4 4. h3 Bxf3 5. Qxf3 e6 6. d3 Nd7 7. Be2 Bd6 8. O-O d4
9. Nb1 Qh4 10. Qg4 Qxg4 11. Bxg4 Ngf6 12. Be2 e5 13. a4 O-O 14. Na3 a5 15. g4
Rfc8 16. g5 Ne8 17. Bg4 Rd8 18. Nc4 Bc7 19. f4 b5 20. Bxd7 Rxd7 21. Nxe5 Bxe5
22. fxe5 Re7 23. Bf4 Nc7 24. h4 Ne6 25. Bd2 b4 26. b3 Nf8 27. Rf5 Re6 28. Raf1
Ra7 29. Bf4 Rae7 30. Bg3 Nd7 31. Kg2 Nxe5 32. Bxe5 Rxe5 33. Rxe5 Rxe5 34. Rf5
f6 35. gxf6 Rxf5 36. exf5 gxf6 37. Kf3 Kg7 38. Ke4 Kh6 39. Kxd4 Kh5 40. c3 c5+
41. Kc4 bxc3 42. Kxc3 Kxh4 43. d4 Kg5 44. dxc5 Kxf5 45. Kc4 Ke6 46. b4 axb4 47.
a5 Kd7 48. Kd5 b3 49. a6 b2 50. a7 b1=Q 51. c6+ Kc7 52. a8=Q Qf5+ 53. Kd4 Qe5+
54. Kd3 Qd6+ 55. Ke3 Qxc6 56. Qa7+ Qb7 57. Qc5+ Kd7 58. Qf5+ Ke8 59. Qxf6 Qb3+
60. Kf4 Qc4+ 61. Kg3 Qd3+ 62. Qf3 Qg6+ 63. Kh4  1/2-1/2

[Event "2022 Zone 4.1Individual Championships "]
[Site "Hotel Rosa Beach Monastir"]
[Date "2022.03.16"]
[Round "5"]
[Board "3"]
[White "Sadek, Sameh"]
[Black "Ben Ammar, Mohamed"]
[Result "1-0"]
[WhiteElo "2233"]
[BlackElo "2173"]
[PlyCount "135"]
[EventDate "2022.03.13"]
[EventRounds "9"]
[EventCountry "TUN"]

{[%evp 0,135,34,13,24,-16,63,-17,10,8,7,-4,7,-20,2,0,0,-8,22,17,9,-37,-28,-27,
-29,-18,-8,-27,-32,-52,-29,-37,-38,-32,-31,-31,-34,-25,15,-6,57,62,47,56,54,54,
53,53,89,91,98,82,82,85,104,89,72,72,72,74,74,74,74,74,76,46,153,72,89,89,89,
89,82,112,112,96,106,106,100,75,69,262,361,391,400,383,1009,1035,1083,1170,
1370,578,578,601,601,624,624,645,652,658,658,1321,1321,1597,1597,1691,1691,
1449,1341,750,1220,2224,702,29982,29983,29984,29985,29986,29987,1269,1269,618,
618,669,717,756,846,824,936,1031,1031,1160,1285,1315,1315,1454,29997,29998]} 1.
Nf3 Nf6 2. c4 g6 3. b4 a5 4. b5 Bg7 5. Bb2 O-O 6. g3 d6 7. Bg2 e5 8. d3 e4 9.
dxe4 Nxe4 10. Nd4 Re8 11. O-O Nc5 12. Nc3 a4 13. Rc1 Nbd7 14. Ba1 Nb6 15. Nd5
Nxd5 16. cxd5 Bd7 17. Re1 h5 18. e4 b6 19. f4 Re7 20. Nc6 Bxc6 21. Bxg7 Kxg7
22. bxc6 Qe8 23. Qd4+ Kh7 24. e5 Qh8 25. Re3 Rae8 26. Rce1 f5 27. h4 Ne4 28.
Bxe4 dxe5 29. Bxf5 exd4 30. Rxe7+ Rxe7 31. Rxe7+ Kh6 32. Re6 d3 33. Rxg6+ Kh7
34. Rg4+ Kh6 35. Rg6+ Kh7 36. Re6+ Kg7 37. Bxd3 Qf8 38. d6 cxd6 39. c7 Qc8 40.
Re7+ Kf6 41. Ba6 Qg4 42. Kf2 Qh3 43. Re1 Qh2+ 44. Kf3 Qd2 45. Re6+ Kxe6 46.
c8=Q+ Kf6 47. Qd8+ Ke6 48. Qe8+ Kf6 49. Qf8+ Ke6 50. f5+ Ke5 51. Qg7+ Kd5 52.
Qf7+ Kc6 53. Qc4+ Kd7 54. Bb5+ Kd8 55. Qg8+ Kc7 56. Qf7+ Kb8 57. Qe8+ Ka7 58.
Qc6 Kb8 59. Qxb6+ Kc8 60. Ba6+ Kd7 61. Qe3 Qd1+ 62. Be2 Qh1+ 63. Kf4 Qa1 64.
Bb5+ Kc7 65. Qa7+ Kc8 66. Qd7+ Kb8 67. Qxd6+ Ka7 68. Qc7+  1-0

[Event "2022 Zone 4.1Individual Championships "]
[Site "Hotel Rosa Beach Monastir"]
[Date "2022.03.16"]
[Round "5"]
[Board "5"]
[White "Sentissi, Yassine"]
[Black "Cheikhna, Mohamed Lemine"]
[Result "1-0"]
[WhiteElo "1844"]
[BlackElo "1957"]
[PlyCount "57"]
[EventDate "2022.03.13"]
[EventRounds "9"]
[EventCountry "TUN"]

1. e4 c5 2. Nf3 g6 3. d4 cxd4 4. Nxd4 Bg7 5. Nc3 Nc6 6. Be3 Nf6 7. Bc4 Qa5 8.
O-O O-O 9. Bb3 d6 10. h3 Bd7 11. f4 Nxd4 12. Bxd4 Bc6 13. Qd3 e5 14. Be3 Rad8
15. Rad1 Rd7 16. f5 Rfd8 17. fxg6 hxg6 18. Bg5 Nh5 19. Bxd8 Qxd8 20. Qf3 Nf4
21. Ne2 Bh6 22. Nxf4 exf4 23. Kh1 Qh4 24. Bd5 Qf6 25. c3 Re7 26. Qd3 Bd7 27.
Bb3 Qh4 28. Qxd6 Bxh3 29. Qxg6+  1-0

[Event "2022 Zone 4.1Individual Championships "]
[Site "Hotel Rosa Beach Monastir"]
[Date "2022.03.16"]
[Round "5"]
[Board "6"]
[White "Ben Hamouda, Mohamed Aymen"]
[Black "Seddaoui, Yamine"]
[Result "0-1"]
[WhiteElo "1509"]
[BlackElo "2114"]
[PlyCount "60"]
[EventDate "2022.03.13"]
[EventRounds "9"]
[EventCountry "TUN"]

1. e4 d6 2. d4 Nf6 3. Nc3 Nbd7 4. f4 e5 5. Nf3 exd4 6. Qxd4 c6 7. Be3 d5 8. e5
Ng4 9. Bg1 Bc5 10. Qd2 Bxg1 11. Rxg1 Qb6 12. O-O-O Nxh2 13. Be2 Nxf3 14. gxf3
g6 15. f5 Nxe5 16. Qf4 Qc7 17. Qd4 O-O 18. f6 Nd7 19. Qh4 Qe5 20. Rh1 h5 21.
Rdg1 Qxf6 22. Qxh5 Qg7 23. Qh2 Nf6 24. Bd3 Nh7 25. Ne2 f5 26. Nf4 g5 27. Nh3
Rf6 28. Nxg5 Nxg5 29. Rxg5 Qxg5+ 30. f4 Qg7  0-1

[Event "2022 Zone 4.1Individual Championships "]
[Site "Hotel Rosa Beach Monastir"]
[Date "2022.03.16"]
[Round "6"]
[Board "1"]
[White "Msellek, Ilyass"]
[Black "Araoun, Saadi"]
[Result "1-0"]
[WhiteElo "2411"]
[BlackElo "2058"]
[PlyCount "59"]
[EventDate "2022.03.13"]
[EventRounds "9"]
[EventCountry "TUN"]

1. e4 c6 2. d4 d5 3. Nc3 dxe4 4. Nxe4 Nf6 5. Nxf6+ exf6 6. c3 Bd6 7. Bd3 O-O 8.
Ne2 Re8 9. Qc2 h5 10. Be3 Be6 11. h3 Nd7 12. O-O Qc7 13. c4 Nf8 14. c5 Be7 15.
b4 Qd7 16. Nf4 h4 17. Rfd1 Rad8 18. a4 g5 19. Nxe6 Nxe6 20. d5 Ng7 21. dxc6
Qxc6 22. Bb5 Qc8 23. Bxe8 Rxe8 24. Qd3 Qe6 25. Qd5 Rd8 26. Qxe6 Nxe6 27. Rxd8+
Bxd8 28. b5 Kf8 29. a5 Ke7 30. a6  1-0

[Event "2022 Zone 4.1Individual Championships "]
[Site "Hotel Rosa Beach Monastir"]
[Date "2022.03.16"]
[Round "6"]
[Board "2"]
[White "Ben Ghanem, Hamed"]
[Black "Ben Brahem, Aymen"]
[Result "1/2-1/2"]
[WhiteElo "2112"]
[BlackElo "2172"]
[PlyCount "154"]
[EventDate "2022.03.13"]
[EventRounds "9"]
[EventCountry "TUN"]

1. d4 d5 2. Nf3 Nf6 3. c4 e6 4. Nc3 Be7 5. cxd5 exd5 6. Bg5 c6 7. Qc2 O-O 8. e3
h6 9. Bh4 Ne4 10. Bxe7 Qxe7 11. Nxe4 dxe4 12. Nd2 f5 13. Bc4+ Kh8 14. O-O Be6
15. Bxe6 Qxe6 16. Rfc1 Nd7 17. Qb3 Qxb3 18. Nxb3 Nf6 19. g3 Rae8 20. Na5 Re7
21. Nc4 g5 22. Ne5 Kg7 23. b4 Nd5 24. b5 cxb5 25. Rc5 Rd8 26. Rxb5 Rc7 27. Rab1
b6 28. R5b2 Rdc8 29. Re1 g4 30. Ree2 b5 31. Red2 b4 32. a3 a5 33. axb4 axb4 34.
Kf1 Rc1+ 35. Kg2 R8c7 36. h4 h5 37. Re2 b3 38. Rxb3 Ra1 39. f3 gxf3+ 40. Nxf3
exf3+ 41. Kxf3 Rf1+ 42. Rf2 Rfc1 43. Rb5 Rd7 44. Rb3 Kg6 45. Ra2 Rd6 46. Ra5
Nf6 47. Rab5 Nd5 48. Rb1 Rc2 49. R1b2 Rc1 50. Rb1 Rcc6 51. R1b3 Nf6 52. Kf4 Re6
53. Re5 Red6 54. Reb5 Nd5+ 55. Kf3 Rc2 56. Rb2 Rxb2 57. Rxb2 Re6 58. Rb3 Kf6
59. Ra3 Rc6 60. Ra8 Kf7 61. Rd8 Nf6 62. Kf4 Re6 63. Ra8 Nd5+ 64. Kxf5 Rxe3 65.
Ra7+ Ne7+ 66. Kg5 Rxg3+ 67. Kxh5 Kf6 68. Ra6+ Kf7 69. Ra7 Rg7 70. d5 Kf6 71. d6
Rh7+ 72. Kg4 Rg7+ 73. Kf3 Nc6 74. Rxg7 Kxg7 75. Ke4 Kf6 76. Kd5 Nd8 77. h5 Nf7
 1/2-1/2

[Event "2022 Zone 4.1Individual Championships "]
[Site "Hotel Rosa Beach Monastir"]
[Date "2022.03.16"]
[Round "6"]
[Board "3"]
[White "Sadek, Sameh"]
[Black "Gator, Mosab"]
[Result "1/2-1/2"]
[WhiteElo "2233"]
[BlackElo "2133"]
[PlyCount "93"]
[EventDate "2022.03.13"]
[EventRounds "9"]
[EventCountry "TUN"]

1. d4 d5 2. Nf3 Nf6 3. e3 e6 4. Bd3 b6 5. O-O Be7 6. b3 O-O 7. Bb2 Bb7 8. c4
Nbd7 9. Nc3 Rc8 10. cxd5 exd5 11. Rc1 Re8 12. Bf5 g6 13. Bh3 c6 14. Ne5 Rc7 15.
f4 Bc8 16. Qf3 Nf8 17. f5 g5 18. e4 dxe4 19. Nxe4 Nxe4 20. Qxe4 Bd6 21. f6 c5
22. Bxc8 Qxc8 23. Qg4 Qxg4 24. Nxg4 h5 25. Nh6+ Kh7 26. Nf5 Bf4 27. Rce1 Rxe1
28. Rxe1 cxd4 29. Nxd4 Ng6 30. g3 Be5 31. Nb5 Rc5 32. Bxe5 Nxe5 33. Nd4 Rd5 34.
Re4 Rxd4 35. Rxe5 Kg6 36. Re2 Kxf6 37. Kf2 Kf5 38. Kf3 a5 39. h3 a4 40. bxa4
g4+ 41. Kg2 Rxa4 42. Rb2 Ke4 43. hxg4 hxg4 44. Rxb6 Rxa2+ 45. Kf1 Ra5 46. Rb4+
Kf3 47. Rb3+  1/2-1/2

[Event "2022 Zone 4.1Individual Championships "]
[Site "Hotel Rosa Beach Monastir"]
[Date "2022.03.16"]
[Round "6"]
[Board "4"]
[White "Seddaoui, Yamine"]
[Black "Sentissi, Yassine"]
[Result "0-1"]
[WhiteElo "2114"]
[BlackElo "1844"]
[PlyCount "121"]
[EventDate "2022.03.13"]
[EventRounds "9"]
[EventCountry "TUN"]

1. e4 c5 2. Nf3 d6 3. Nc3 Nf6 4. e5 dxe5 5. Nxe5 a6 6. g3 Qd6 7. Nc4 Qc6 8. Rg1
Bg4 9. Be2 h5 10. d4 Bxe2 11. Nxe2 Nbd7 12. Nc3 e6 13. Bg5 O-O-O 14. dxc5 Qxc5
15. Bxf6 Nxf6 16. Qe2 Qc7 17. a3 Bc5 18. Ne3 Bd4 19. Ncd1 Bxb2 20. Nxb2 Qc3+
21. Kf1 Qxb2 22. Kg2 Qe5 23. Rab1 h4 24. Qc4+ Qc7 25. Rb4 hxg3 26. hxg3 Rh5 27.
Qxc7+ Kxc7 28. Rgb1 Rb8 29. Rc4+ Kd7 30. Rd1+ Ke8 31. Rc7 Kf8 32. c4 Ra5 33.
Rd3 Ne8 34. Rcd7 Rc5 35. Ng4 Nf6 36. Nxf6 gxf6 37. R3d4 Ke8 38. R7d6 Rbc8 39.
Rb6 Rxc4 40. Rd2 R8c7 41. Rdb2 Rc3 42. a4 R3c4 43. Ra2 Kd8 44. Rd2+ Kc8 45.
Rbd6 Kb8 46. a5 Ra4 47. Rd8+ Ka7 48. R2d7 Rxd7 49. Rxd7 Rxa5 50. Rxf7 Rf5 51.
f4 a5 52. Kf3 a4 53. g4 Ra5 54. Rxf6 a3 55. Rxe6 a2 56. Re1 a1=Q 57. Rxa1 Rxa1
58. g5 Kb6 59. g6 Kc6 60. f5 Kd6 61. Kf4  0-1

[Event "2022 Zone 4.1Individual Championships "]
[Site "Hotel Rosa Beach Monastir"]
[Date "2022.03.16"]
[Round "6"]
[Board "6"]
[White "Ben Hamouda, Mohamed Aymen"]
[Black "Bengherabi, Khalil"]
[Result "0-1"]
[WhiteElo "1509"]
[BlackElo "2124"]
[PlyCount "60"]
[EventDate "2022.03.13"]
[EventRounds "9"]
[EventCountry "TUN"]

1. e4 c5 2. Nf3 d6 3. d4 cxd4 4. Nxd4 Nf6 5. Nc3 g6 6. Be3 Bg7 7. f3 O-O 8. Qd2
Nc6 9. Bc4 Bd7 10. O-O-O Rb8 11. Bb3 Na5 12. h4 b5 13. h5 Nc4 14. Bxc4 bxc4 15.
hxg6 fxg6 16. Bh6 Qb6 17. b3 Bxh6 18. Qxh6 cxb3 19. Nd5 bxa2 20. Nxf6+ Kf7 21.
Qxh7+ Kxf6 22. Qh4+ Kf7 23. Qh7+ Ke8 24. Qxg6+ Kd8 25. Nb3 Qxb3 26. cxb3 a1=Q+
27. Kd2 Qd4+ 28. Kc2 Rc8+ 29. Kb1 Qc3 30. Ka2 Rc6  0-1

[Event "2022 Zone 4.1Individual Championships "]
[Site "Hotel Rosa Beach Monastir"]
[Date "2022.03.17"]
[Round "7"]
[Board "1"]
[White "Sentissi, Yassine"]
[Black "Msellek, Ilyass"]
[Result "1/2-1/2"]
[WhiteElo "1844"]
[BlackElo "2411"]
[PlyCount "60"]
[EventDate "2022.03.13"]
[EventRounds "9"]
[EventCountry "TUN"]

1. d4 d6 2. c4 g6 3. Nf3 Bg7 4. e4 Nf6 5. Nc3 O-O 6. Be2 e5 7. dxe5 dxe5 8.
Qxd8 Rxd8 9. Nd5 Nxd5 10. cxd5 c6 11. Bc4 b5 12. Bb3 Bb7 13. Bg5 Rc8 14. Rc1 h6
15. Be3 Nd7 16. O-O Kf8 17. Rfd1 cxd5 18. Bxd5 Rxc1 19. Rxc1 Bxd5 20. exd5 Ke7
21. Bc5+ Nxc5 22. Rxc5 Kd6 23. Rxb5 Rc8 24. g3 Rc5 25. Rb7 Rc7 26. Rb5 Rc5 27.
Rb7 Rc7 28. Rb5 Rc5 29. Rb7 Rc7 30. Rb5 Rc5  1/2-1/2

[Event "2022 Zone 4.1Individual Championships "]
[Site "Hotel Rosa Beach Monastir"]
[Date "2022.03.17"]
[Round "7"]
[Board "2"]
[White "Ben Brahem, Aymen"]
[Black "Sadek, Sameh"]
[Result "0-1"]
[WhiteElo "2172"]
[BlackElo "2233"]
[PlyCount "86"]
[EventDate "2022.03.13"]
[EventRounds "9"]
[EventCountry "TUN"]

1. d4 Nf6 2. Bf4 e6 3. e3 c5 4. Nf3 Nc6 5. Nc3 Qa5 6. Ne5 d5 7. Bb5 Bd7 8. Nxd7
Nxd7 9. dxc5 a6 10. Bxc6 bxc6 11. O-O Bxc5 12. Qg4 g6 13. Qg3 O-O 14. a3 Qd8
15. Rad1 Re8 16. e4 d4 17. b4 Ba7 18. e5 dxc3 19. Rd3 Qe7 20. Bg5 f6 21. exf6
Qf7 22. Rfd1 Nb6 23. Rxc3 Nd5 24. Rcd3 e5 25. c4 e4 26. Rb3 Nxf6 27. Qh4 Nh5
28. g4 Rf8 29. Rb2 Nf4 30. Bxf4 Qxf4 31. Rd7 Rf7 32. Rbd2 Raf8 33. Rxf7 Qxf7
34. c5 e3 35. Re2 exf2+ 36. Rxf2 Qxf2+ 37. Qxf2 Rxf2 38. Kxf2 Bb8 39. h3 Be5
40. Ke3 Bb2 41. Ke4 Bxa3 42. Ke5 Bxb4 43. Kd6 Bxc5+  0-1

[Event "2022 Zone 4.1Individual Championships "]
[Site "Hotel Rosa Beach Monastir"]
[Date "2022.03.17"]
[Round "7"]
[Board "3"]
[White "Bengherabi, Khalil"]
[Black "Ben Ghanem, Hamed"]
[Result "1/2-1/2"]
[WhiteElo "2124"]
[BlackElo "2112"]
[PlyCount "188"]
[EventDate "2022.03.13"]
[EventRounds "9"]
[EventCountry "TUN"]

1. e4 c6 2. Nf3 d5 3. Nc3 Bg4 4. h3 Bxf3 5. Qxf3 e6 6. d3 Nd7 7. Bd2 g6 8. h4
h5 9. exd5 cxd5 10. Nb5 a6 11. Nd4 Bg7 12. c3 Ne7 13. g3 O-O 14. Bh3 Nc6 15.
Nc2 Qb6 16. Rb1 Nce5 17. Qe2 Qb5 18. d4 Qa4 19. Nb4 Nc6 20. a3 Nxb4 21. axb4
Qc2 22. O-O Bh6 23. Rbd1 Nf6 24. Rfe1 Bg7 25. Bf4 Qxe2 26. Rxe2 a5 27. b5 Rfc8
28. Ra1 Nd7 29. Ree1 Bf8 30. Ra2 a4 31. Rea1 Nb6 32. Bf1 Be7 33. Bd2 Ra7 34. b3
Rca8 35. Bd3 Kf8 36. Bc2 a3 37. Bd3 Ke8 38. b4 Kd7 39. Bc1 Kc7 40. Rxa3 Rxa3
41. Rxa3 Rxa3 42. Bxa3 Na4 43. c4 dxc4 44. Bxc4 Nb6 45. Bb3 Nd5 46. Kg2 Bf6 47.
Bb2 Kb6 48. Bc4 Nxb4 49. Kf3 Nd5 50. Ke4 Nc7 51. Kd3 Nxb5 52. Bc3 Nc7 53. f3
Nd5 54. Be1 Kc6 55. Ke4 b5 56. Bb3 Be7 57. Kd3 Nb6 58. Bf2 b4 59. Be3 Kb5 60.
Bf4 Na4 61. Bc4+ Kc6 62. Bb3 Nb6 63. Bd2 Bd6 64. Be1 Kb5 65. Bf2 Nd5 66. Be1
Ne7 67. f4 Nd5 68. Bd2 Nb6 69. Be1 Kc6 70. Bf2 Kd7 71. Be3 Ke7 72. Bc1 f6 73.
Ke4 Nd7 74. Bb2 e5 75. fxe5 fxe5 76. dxe5 Bxe5 77. Bxe5 Nc5+ 78. Kd5 Nxb3 79.
Bd6+ Kf6 80. Bxb4 Kf5 81. Bd6 Nd2 82. Bf4 Nf1 83. Bb8 Kg4 84. Ke6 Nxg3 85. Kf6
Nf5 86. Kxg6 Nxh4+ 87. Kf6 Nf3 88. Ke6 Kh3 89. Bc7 Kg2 90. Bd8 Kg3 91. Kf5 Nd4+
92. Ke4 Ne6 93. Be7 Kg4 94. Ke3 h4  1/2-1/2

[Event "2022 Zone 4.1Individual Championships "]
[Site "Hotel Rosa Beach Monastir"]
[Date "2022.03.17"]
[Round "7"]
[Board "4"]
[White "Gator, Mosab"]
[Black "Ben Ammar, Mohamed"]
[Result "1-0"]
[WhiteElo "2133"]
[BlackElo "2173"]
[PlyCount "106"]
[EventDate "2022.03.13"]
[EventRounds "9"]
[EventCountry "TUN"]

1. e4 e5 2. Nf3 Nc6 3. Bc4 Nf6 4. d3 Bc5 5. c3 d6 6. Nbd2 O-O 7. O-O a6 8. Bb3
Ba7 9. h3 h6 10. Re1 Be6 11. Bc2 Re8 12. Nf1 d5 13. exd5 Nxd5 14. Ng3 Qd6 15.
d4 exd4 16. Qd3 Nf6 17. Ne4 Nxe4 18. Rxe4 dxc3 19. Rxe6 Qxe6 20. Qh7+ Kf8 21.
bxc3 Bc5 22. Bd2 Ne7 23. Qh8+ Ng8 24. Bh7 f6 25. Bc2 Qe2 26. Bb3 Bxf2+ 27. Kh1
Re6 28. Nd4 Bxd4 29. cxd4 c5 30. dxc5 Rd8 31. Bb4 Rde8 32. c6+ Kf7 33. Re1 Qf2
34. Qh7 bxc6 35. Rxe6 Qf1+ 36. Kh2 Rxe6 37. Bxe6+ Kxe6 38. Qxg8+ Kf5 39. Qh7+
Ke6 40. Qe4+ Kf7 41. Bd6 Qb5 42. a4 Qb7 43. h4 Kg8 44. Qc4+ Kh7 45. Kg3 h5 46.
Qe4+ g6 47. Qe7+ Qxe7 48. Bxe7 Kg7 49. Kf4 Kf7 50. Bd8 Ke6 51. Ke4 f5+ 52. Kd4
Kd6 53. Bg5 c5+  1-0

[Event "2022 Zone 4.1Individual Championships "]
[Site "Hotel Rosa Beach Monastir"]
[Date "2022.03.17"]
[Round "7"]
[Board "5"]
[White "Achour, Oussama"]
[Black "Seddaoui, Yamine"]
[Result "0-1"]
[WhiteElo "1474"]
[BlackElo "2114"]
[PlyCount "70"]
[EventDate "2022.03.13"]
[EventRounds "9"]
[EventCountry "TUN"]

1. d4 d5 2. Bf4 Nf6 3. e3 e6 4. Nf3 Bd6 5. Bg3 c5 6. c3 Qc7 7. Nbd2 Nbd7 8. Bb5
O-O 9. Qe2 e5 10. e4 cxd4 11. exd5 dxc3 12. Nc4 cxb2 13. Qxb2 a6 14. Nxd6 Qxd6
15. Bc4 b5 16. Bb3 Ne4 17. O-O Nxg3 18. hxg3 Bb7 19. Rfe1 f6 20. Rac1 Nc5 21.
Red1 Rac8 22. Nh4 g6 23. Qb1 Kg7 24. Bc2 e4 25. Qb4 f5 26. g4 Qf6 27. d6 Nd7
28. Qd4 Qxd4 29. Rxd4 Rc5 30. gxf5 g5 31. f6+ Kxf6 32. Kh2 gxh4 33. Bxe4 Bxe4
34. Rxe4 Rxc1 35. Re7 Rf7  0-1